[Event "Kieler Open 2015 Gruppe A"]
[Site "Kiel"]
[Date "2015.07.29"]
[Round "7.28"]
[White "Kiep, Fabian"]
[Black "Lehr, Thomas"]
[Result "1/2-1/2"]
[WhiteElo "1703"]
[BlackElo "1939"]
[PlyCount "66"]
[EventDate "2015.??.??"]
[WhiteTeam "SC Agon Neumünster"]
[BlackTeam "Husumer SV"]

1. e4 Nf6 2. d3 e5 3. Nf3 Nc6 4. Bg5 h6 5. Bh4 d5 6. Nbd2 Be6 7. c3 Be7 8. Qc2
Nh5 9. Bxe7 Qxe7 10. g3 Nf6 11. Bg2 dxe4 12. dxe4 Qc5 13. Nb3 Qc4 14. Nfd2 Qa4
15. Nd4 Qxc2 16. Nxc2 O-O-O 17. Nb3 b6 18. Ne3 Ne7 19. f3 c6 20. Ke2 g5 21.
Rad1 Rxd1 22. Kxd1 Ng6 23. Ke2 h5 24. Nc1 h4 25. Kf2 Rd8 26. Rd1 Rxd1 27. Nxd1
g4 28. Ne3 Kc7 29. a3 a5 30. Nd3 hxg3+ 31. hxg3 gxf3 32. Bxf3 Nh7 33. Bg4 Kd7
1/2-1/2

[Event "Kieler Open 2015 Gruppe A"]
[Site "Kiel"]
[Date "2015.07.29"]
[Round "7.29"]
[White "Schulz, Gerhard"]
[Black "Thesing, Ansgar"]
[Result "0-1"]
[WhiteElo "1858"]
[BlackElo "1916"]
[PlyCount "42"]
[EventDate "2015.??.??"]
[WhiteTeam "VT Ludwigslust"]
[BlackTeam "SC Kreuzberg"]

1. d4 Nf6 2. Nf3 e6 3. e3 d5 4. Bd3 Bd6 5. Nbd2 b6 6. e4 dxe4 7. Nxe4 Nxe4 8.
Bxe4 c6 9. O-O Qc7 10. Re1 Nd7 11. c4 Nf6 12. Bc2 Bb7 13. b3 O-O-O 14. Qe2 c5
15. dxc5 Bxc5 16. Bg5 h6 17. Bh4 g5 18. Bg3 {(=)} Qc6 19. Be5 Be7 20. Bxf6 Bxf6
21. Rad1 g4 0-1

[Event "Kieler Open 2015 Gruppe A"]
[Site "Kiel"]
[Date "2015.07.29"]
[Round "7.30"]
[White "Sommer, Stefan"]
[Black "Schulz, Toni"]
[Result "1/2-1/2"]
[WhiteElo "1729"]
[BlackElo "1895"]
[PlyCount "71"]
[EventDate "2015.??.??"]
[WhiteTeam "SV RUGIA Bergen"]
[BlackTeam "ESV Lok Raw Cottbus"]

1. e4 d5 2. exd5 Qxd5 3. d4 Nf6 4. Nf3 Bf5 5. Bd3 c6 6. O-O e6 7. Re1 Bxd3 8.
Qxd3 Be7 9. Bf4 Nbd7 10. Nbd2 O-O 11. c3 b5 12. Nf1 Nb6 13. Ne5 Nc4 14. Nxc4
Qxc4 15. Qxc4 bxc4 16. Bg5 Rab8 17. Bxf6 gxf6 18. Rab1 Rfd8 19. Ne3 c5 20. dxc5
Bxc5 21. Nxc4 Rd5 22. Rbd1 Rf5 23. Re2 Bf8 24. b3 a5 25. g3 Rc5 26. Rd3 a4 27.
Nd2 axb3 28. axb3 Bh6 29. f4 f5 30. b4 Rc7 31. Nb3 Rbc8 32. Nc5 Bf8 33. Na4 Ra7
34. Nb2 Ra3 35. Nd1 Bxb4 36. Kg2 1/2-1/2

[Event "Kieler Open 2015 Gruppe A"]
[Site "Kiel"]
[Date "2015.07.29"]
[Round "7.31"]
[White "Reinhardt, Johannes"]
[Black "Bosselmann, Tom Linus"]
[Result "1/2-1/2"]
[WhiteElo "1875"]
[BlackElo "1701"]
[PlyCount "56"]
[EventDate "2015.??.??"]
[WhiteTeam "SV Bad Schwartau"]
[BlackTeam "Lübecker SV"]

1. e4 e5 2. Nf3 Nc6 3. Bc4 Nf6 4. d3 Be7 5. Nc3 O-O 6. O-O a6 7. Be3 Na5 8. Bb3
Nxb3 9. axb3 d6 10. d4 exd4 11. Nxd4 c5 12. Nf3 Bg4 13. h3 Bh5 14. Bf4 Bg6 15.
Re1 b5 16. Nh4 Bh5 17. g4 Bg6 18. Nxg6 fxg6 19. Nd5 Nxd5 20. Qxd5+ Kh8 21. Qd2
Bh4 22. Qxd6 Bxf2+ 23. Kg2 Bxe1 24. Rxe1 Qf6 25. Qxf6 Rxf6 26. Bg5 Re6 27. e5
Rf8 28. Bh4 Rfe8 1/2-1/2

[Event "Kieler Open 2015 Gruppe A"]
[Site "Kiel"]
[Date "2015.07.29"]
[Round "7.32"]
[White "Karlisch, Moritz"]
[Black "Berenstein, Alexander"]
[Result "1/2-1/2"]
[WhiteElo "1722"]
[BlackElo "2030"]
[PlyCount "141"]
[EventDate "2015.??.??"]
[WhiteTeam "SK Doppelbauer Kiel"]
[BlackTeam "SV Rendsburg"]

1. d4 Nf6 2. Bg5 d5 3. Nd2 Bf5 4. e3 Nbd7 5. c4 dxc4 6. Bxc4 Nb6 7. Qb3 Nxc4 8.
Nxc4 Qd5 9. f3 Be6 10. Bxf6 exf6 11. Nd2 Qxb3 12. Nxb3 Bb4+ 13. Nd2 O-O 14. a3
Be7 15. Ne2 c5 16. Rc1 Rac8 17. Kf2 Rfd8 18. Ne4 b6 19. dxc5 bxc5 20. Rhd1 Rxd1
21. Rxd1 Rb8 22. Rd2 f5 23. N4c3 g6 24. Nd1 Kf8 25. Nec3 a5 26. Ke1 Ke8 27. Nd5
Bd8 28. N1c3 Bd7 29. Kd1 h5 30. Re2 {(=)} Be6 31. e4 fxe4 32. Nxe4 Kf8 33. Nxc5
Bc8 34. Nc3 Be7 35. N5e4 Be6 36. Kc2 Bb3+ 37. Kb1 Bc4 38. Rd2 Bxa3 39. Kc1 Bb4
40. Rd4 Bb3 41. Kd2 a4 42. Kd3 a3 43. bxa3 Bxa3 44. Nf6 Kg7 45. Nfe4 Rb7 46. f4
Be6 47. Nd1 {(=)} f5 48. Ng5 Bb3 49. Nc3 Bc5 50. Rd8 Be7 51. Rd4 Bf6 52. Rd6
Bxg5 53. fxg5 Bf7 54. Ne2 Re7 55. Nf4 Re1 56. Kd2 Re4 57. g3 Re8 58. Rd7 Ra8
59. Ke3 Ra6 60. h4 {(=)} Kf8 61. Rd2 Ke7 62. Rb2 Be8 63. Rd2 Ra3+ 64. Kf2 Kf7
65. Rc2 Ra7 66. Ne2 Ke6 67. Nf4+ Kf7 68. Rb2 Rc7 69. Ne2 Re7 70. Nf4 Ra7 71.
Rc2 1/2-1/2

[Event "Kieler Open 2015 Gruppe A"]
[Site "Kiel"]
[Date "2015.07.29"]
[Round "7.33"]
[White "Boyens, Birger"]
[Black "Wunderlich, Matthias"]
[Result "1-0"]
[WhiteElo "1969"]
[BlackElo "1730"]
[PlyCount "135"]
[EventDate "2015.??.??"]
[WhiteTeam "Husumer SV"]
[BlackTeam "BSV-KW Jänschwalde"]

1. e4 d5 2. exd5 Nf6 3. d4 Nxd5 4. c4 Nb6 5. Nc3 e5 6. dxe5 Qxd1+ 7. Nxd1 Nc6
8. f4 Be6 9. Ne3 O-O-O 10. Nf3 Bc5 11. Ng5 Bb4+ 12. Kf2 h6 13. Nxe6 fxe6 14. a3
Bc5 15. b4 Bd4 16. Rb1 Rhf8 17. Kg3 g5 18. Ng4 gxf4+ 19. Bxf4 h5 20. b5 Rg8 21.
bxc6 Rxg4+ 22. Kf3 Rf8 23. cxb7+ Kb8 24. g3 Bxe5 25. h3 Rg7 26. Ke3 Bxf4+ 27.
gxf4 Rg3+ 28. Ke4 Na4 29. Ke5 c5 30. Re1 Rf5+ 31. Kxe6 Rxf4 32. Re5 Rg6+ 33.
Ke7 Rg7+ 34. Kd6 Rf6+ 35. Re6 Rxe6+ 36. Kxe6 Kxb7 37. Be2 h4 38. Rb1+ Kc7 39.
Bg4 Nb6 {(=)} 40. Rb5 Na4 41. Ra5 Kb6 42. Rb5+ Kc7 43. Kf6 Rg8 44. Rb3 a6 45.
Re3 Nb2 46. Re5 Kb6 47. Kf7 Rd8 48. Rd5 Rh8 49. Rd6+ Kc7 50. Rxa6 Nxc4 51. Kg7
Rd8 52. a4 Rd3 53. Kh6 Ne5 54. Bf5 Rd6+ 55. Rxd6 Kxd6 56. Kh5 Nf3 57. Kg4 Nd4
58. Bd3 Ke6 59. a5 Nc6 60. a6 Kf6 61. Kxh4 Ke5 62. Kg5 Kd4 63. Bb5 Na7 64. Bd7
c4 65. h4 c3 66. Bf5 Kc5 67. h5 Kb6 68. h6 1-0

[Event "Kieler Open 2015 Gruppe A"]
[Site "Kiel"]
[Date "2015.07.29"]
[Round "7.34"]
[White "GutierrezBolado, Juan Antonio"]
[Black "Saß, Patrick"]
[Result "0-1"]
[WhiteElo "1669"]
[BlackElo "1878"]
[PlyCount "104"]
[EventDate "2015.??.??"]
[WhiteTeam "Spanien"]
[BlackTeam "SV Bad Schwartau"]
[WhiteTeamCountry "ESP"]

1. e4 c5 2. Qh5 e6 3. Nf3 Nf6 4. Qh4 Be7 5. e5 Nd5 6. Qg3 O-O 7. d4 f5 8. dxc5
Nc6 9. Bc4 Qa5+ 10. Bd2 Qxc5 11. Bxd5 Qxd5 12. Nc3 Qc5 13. h4 b5 14. h5 b4 15.
Bh6 Rf7 16. Be3 Qa5 17. Ne2 Ba6 18. Nc1 Raf8 19. Qf4 d6 20. exd6 e5 21. Nxe5
Nxe5 22. dxe7 Rxe7 23. Nb3 Qd5 24. Qxb4 Rfe8 25. Nd2 f4 26. Qxf4 Nd3+ 27. cxd3
Qxd3 28. O-O-O Rc8+ 29. Nc4 Rxc4+ 30. Qxc4+ Qxc4+ 31. Kb1 Qe4+ 32. Ka1 Bd3 33.
g3 Re6 34. Rh4 Qc6 35. Rd4 Rd6 36. Rc1 Qxc1+ 37. Bxc1 Rxd4 38. b3 h6 39. Be3
Rd7 40. Kb2 Be2 41. b4 Bxh5 42. a4 Bd1 43. a5 a6 44. Kc3 Be2 45. Bc5 Kf7 46.
Be3 Ke6 47. Bd4 g6 48. Be3 h5 49. Bg5 Kf5 50. Be3 Ke4 51. Bg5 Kf3 52. Be3 Rd3+
0-1

[Event "Kieler Open 2015 Gruppe A"]
[Site "Kiel"]
[Date "2015.07.29"]
[Round "7.35"]
[White "Rohmann, Volker"]
[Black "Laufenburg, Frank"]
[Result "1/2-1/2"]
[WhiteElo "1841"]
[BlackElo "1746"]
[PlyCount "45"]
[EventDate "2015.??.??"]
[WhiteTeam "SVG Friedrichsort"]
[BlackTeam "SC Bergen-Enkheim"]

1. e4 c6 2. d4 d5 3. Nc3 g6 4. Nf3 Bg7 5. Be2 Bg4 6. Be3 e6 7. Qd2 Nd7 8. O-O-O
Qa5 9. Kb1 Nb6 10. h3 Bxf3 11. gxf3 h5 12. e5 Bf8 13. Qe1 Nh6 14. Bd3 Nc4 15.
Bxc4 dxc4 16. Bxh6 Bxh6 17. Ne4 Qxe1 18. Rhxe1 Bf8 19. a4 b6 20. c3 O-O-O 21.
Kc2 Be7 22. f4 Kc7 23. f3 1/2-1/2

[Event "Kieler Open 2015 Gruppe A"]
[Site "Kiel"]
[Date "2015.07.29"]
[Round "7.36"]
[White "Götz, Dirk"]
[Black "Rosenkranz, Bernd-Christian"]
[Result "1-0"]
[WhiteElo "1798"]
[BlackElo "1708"]
[PlyCount "47"]
[EventDate "2015.??.??"]
[WhiteTeam "TuS Holtenau"]
[BlackTeam "SV VHS Rendsburg"]

1. d4 Nf6 2. Nf3 g6 3. e3 Bg7 4. Be2 d5 5. O-O O-O 6. Nbd2 c5 7. b3 Nc6 8. Bb2
cxd4 9. Nxd4 Nxd4 10. Bxd4 a6 11. c4 dxc4 12. Nxc4 b5 13. Nb6 Rb8 14. Nxc8 Rxc8
15. Bf3 Nd5 16. Bxg7 Nxe3 17. Qxd8 Rfxd8 18. fxe3 Kxg7 19. Rfd1 Rxd1+ 20. Bxd1
Rd8 21. Kf2 Rd2+ 22. Be2 b4 23. Kf3 a5 24. a3 1-0

[Event "Kieler Open 2015 Gruppe A"]
[Site "Kiel"]
[Date "2015.07.29"]
[Round "7.37"]
[White "Millgramm, Stephan"]
[Black "Helmich, Jörg"]
[Result "1-0"]
[WhiteElo "1846"]
[BlackElo "1704"]
[PlyCount "103"]
[EventDate "2015.??.??"]
[WhiteTeam "Flensburger SK"]
[BlackTeam "Regensb. Turnerschaft"]

1. e4 e6 2. d4 d5 3. Nc3 Bb4 4. e5 Ne7 5. a3 Bxc3+ 6. bxc3 c5 7. Bd3 O-O 8. Qh5
g6 9. Qg4 f5 10. exf6 Rxf6 11. Bg5 Rf7 12. Qh4 Nbc6 13. Nf3 c4 14. Be2 Qa5 15.
Bd2 Nf5 16. Qh3 Qc7 17. Ng5 Re7 18. f4 e5 19. g4 Nfxd4 20. cxd4 Nxd4 21. Kd1
Nxe2 22. Kxe2 exf4+ 23. Kd1 Qe5 24. Qc3 Bxg4+ 25. Kc1 Qxg5 26. Rg1 Qf5 27. Kb2
Bh5 28. Rgf1 Qe5 29. Rxf4 Qxc3+ 30. Bxc3 Rf7 31. Rd4 Rd8 32. Re1 Rf2 33. Re7
Rf7 34. Re5 Bf3 35. h4 Rf5 36. Re7 Rf7 37. Rxf7 Kxf7 38. Rf4+ Ke6 39. Rf6+ Ke7
40. Rxf3 d4 41. Bb4+ Ke6 42. Kc1 d3 43. Re3+ Kf5 44. Re7 b5 45. Rxh7 a6 46. Ra7
Rd4 47. Be7 Re4 48. cxd3 cxd3 49. Kd2 Rd4 50. Rxa6 Ke4 51. Rxg6 Rc4 52. Rg4+
1-0

[Event "Kieler Open 2015 Gruppe A"]
[Site "Kiel"]
[Date "2015.07.29"]
[Round "7.38"]
[White "Thormeier, Johannes"]
[Black "Eberhardt, Michael"]
[Result "0-1"]
[WhiteElo "1432"]
[BlackElo "1827"]
[PlyCount "84"]
[EventDate "2015.??.??"]
[WhiteTeam "SC Wolfsburg"]
[BlackTeam "SC Agon Neumünster"]

1. c4 c5 2. g3 g6 3. Bg2 Bg7 4. e3 Nc6 5. Ne2 Nf6 6. Nbc3 O-O 7. O-O d6 8. d4
cxd4 9. exd4 Bf5 10. a3 Qd7 11. Nf4 Rac8 12. Re1 Rfe8 13. h3 Qd8 14. g4 Bd7 15.
g5 Nh5 16. Nxh5 gxh5 17. Qxh5 Bf5 18. Nd5 Bg6 19. Qg4 e6 20. Nf6+ Bxf6 21. gxf6
Qxf6 22. Bg5 Qxd4 23. Re4 Qxb2 24. Ree1 f5 25. Qg3 f4 26. Bxf4 e5 27. Bh6 Rc7
28. Bd5+ Kh8 29. h4 e4 30. Qxd6 Rce7 31. Bg5 Rf8 32. Ra2 Qg7 33. Bxe7 Nxe7 34.
Kh2 Nxd5 35. cxd5 Qh6 36. Qg3 Rf3 37. Qe5+ Kg8 38. Qg5 Qf8 39. Rxe4 Rxf2+ 40.
Rxf2 Qxf2+ 41. Qg2 Qxg2+ 42. Kxg2 Bxe4+ 0-1

[Event "Kieler Open 2015 Gruppe A"]
[Site "Kiel"]
[Date "2015.07.29"]
[Round "7.39"]
[White "Wenske, Hardy"]
[Black "Isler, Benjamin"]
[Result "1-0"]
[WhiteElo "1786"]
[BlackElo "1704"]
[PlyCount "59"]
[EventDate "2015.??.??"]
[WhiteTeam "Kieler SG"]
[BlackTeam "Flensburger SK"]

1. Nf3 Nc6 2. d4 d5 3. Nbd2 Bg4 4. h3 Bh5 5. c3 f6 6. Qb3 Na5 7. Qa4+ c6 8. e3
a6 9. Be2 Qc7 10. Qd1 b5 11. O-O e5 12. e4 dxe4 13. Nxe4 O-O-O 14. Be3 Be7 15.
Nfd2 Bg6 16. Qc1 f5 17. Ng5 Bxg5 18. Bxg5 Re8 19. dxe5 Qxe5 20. Bd1 f4 21. Nf3
Qd5 {(=)} 22. Bb3 Nxb3 23. axb3 Kb7 24. Rd1 Qf7 25. Qd2 Nf6 26. Bxf6 gxf6 27.
Qxf4 Re4 28. Qd6 Bh5 29. Rxa6 Qc7 30. Ra7+ 1-0

[Event "Kieler Open 2015 Gruppe A"]
[Site "Kiel"]
[Date "2015.07.29"]
[Round "7.41"]
[White "Friedel, Roland"]
[Black "Riha, Peter"]
[Result "1/2-1/2"]
[WhiteElo "1691"]
[BlackElo "1787"]
[PlyCount "28"]
[EventDate "2015.??.??"]
[WhiteTeam "SSC Rostock"]
[BlackTeam "Schleswiger SV"]

1. d4 Nf6 2. Nf3 b6 3. Bg5 e6 4. Nbd2 Be7 5. e3 Bb7 6. Bd3 O-O 7. O-O h6 8. Bh4
d5 9. Re1 Nbd7 10. e4 dxe4 11. Nxe4 Nxe4 12. Bxe7 Qxe7 13. Bxe4 Bxe4 14. Rxe4
Nf6 1/2-1/2

[Event "Kieler Open 2015 Gruppe A"]
[Site "Kiel"]
[Date "2015.07.30"]
[Round "8.1"]
[White "Wichmann, Cliff"]
[Black "Baramidze, David"]
[Result "0-1"]
[WhiteElo "2358"]
[BlackElo "2596"]
[PlyCount "74"]
[EventDate "2015.??.??"]
[WhiteTeam "ESV Nickelhütte Aue"]
[BlackTeam "SV Hockenheim"]

1. c4 Nf6 2. Nc3 d5 3. cxd5 Nxd5 4. g3 c5 5. Bg2 Nc7 6. Nf3 Nc6 7. Qa4 Bd7 8.
Qh4 e5 9. Qxd8+ Rxd8 10. d3 f6 11. O-O b6 12. Be3 Nd4 13. Rfc1 Bg4 14. Bxd4
cxd4 15. Ne4 Nd5 16. Rc2 Be6 17. a3 Be7 18. Rac1 Kd7 19. Ned2 Rc8 20. Rxc8 Rxc8
21. Rxc8 Kxc8 22. Kf1 Nc3 23. Ne1 Nd1 24. b4 a5 25. bxa5 bxa5 26. Nc2 Kc7 27.
Nc4 Bxc4 28. dxc4 Kb6 29. Bd5 Nc3 30. Bg8 h6 31. Ke1 Nb1 32. Bh7 Bxa3 33. e3
Kc5 34. exd4+ exd4 35. Nxd4 Bb4+ 36. Ke2 Kxd4 37. Bxb1 Kc3 0-1

[Event "Kieler Open 2015 Gruppe A"]
[Site "Kiel"]
[Date "2015.07.30"]
[Round "8.2"]
[White "Lanka, Zigurds"]
[Black "Dgebuadze, Alexandre"]
[Result "0-1"]
[WhiteElo "2419"]
[BlackElo "2490"]
[PlyCount "86"]
[EventDate "2015.??.??"]
[WhiteTeam "TSV Schott Mainz"]
[BlackTeam "SC 1950 Remagen"]

1. e4 e6 2. d4 d5 3. Nc3 Bb4 4. e5 Ne7 5. a3 Bxc3+ 6. bxc3 c5 7. Nf3 Qa5 8. Bd2
Qc7 {(=)} 9. h4 h6 10. h5 b6 11. Bb5+ Nd7 12. Bd3 a5 13. Nh4 Ba6 14. O-O Bxd3
15. cxd3 O-O 16. Rc1 f5 17. exf6 Rxf6 18. Qg4 cxd4 19. cxd4 Qd6 20. a4 Raf8 21.
Rfe1 R8f7 22. Re2 Kh7 23. Rce1 Nf8 24. Nf3 Rxf3 25. gxf3 Rf6 26. Kh1 Qa3 27.
Bf4 Qxa4 28. Bd6 Qd7 29. Ba3 b5 30. Bc5 Qe8 31. Re5 b4 32. Bxe7 Qxe7 33. Rxd5
Qf7 34. Rxa5 Kg8 35. Ra8 b3 36. Kg2 b2 37. Rb8 Rf4 38. Qxe6 Qxe6 39. Rxe6 b1=Q
40. Rxb1 Nxe6 41. d5 Nf8 42. Kg3 Rd4 43. Rb5 Nd7 0-1

[Event "Kieler Open 2015 Gruppe A"]
[Site "Kiel"]
[Date "2015.07.30"]
[Round "8.3"]
[White "Lindborg, Petter"]
[Black "Voelzke, Ferdinand"]
[Result "1-0"]
[WhiteElo "2197"]
[BlackElo "2149"]
[PlyCount "79"]
[EventDate "2015.??.??"]
[WhiteTeam "Solna SchackSälsskap"]
[BlackTeam "SG Turm Kiel"]

1. d4 Nf6 2. c4 d6 3. Nc3 e5 4. d5 g6 5. e4 Bg7 6. h3 O-O 7. Be3 a5 8. Bd3 Na6
9. Bc2 Kh8 10. a3 Ng8 11. Qd2 f5 12. exf5 gxf5 13. Bg5 Bf6 14. Bxf6+ Qxf6 15.
O-O-O Rf7 16. Nge2 Nc5 17. Rdg1 Bd7 18. g3 a4 19. Kb1 Ne7 20. f3 Rg7 21. Rf1
Nc8 22. Nd1 b5 23. cxb5 Bxb5 24. g4 Ne7 25. Rf2 Qf7 26. Nec3 Bd7 27. f4 exf4
28. Qxf4 Nxd5 29. Qd4 Nf6 30. Bxf5 Bxf5+ 31. Rxf5 Rf8 32. Rhf1 Nb3 33. Qf2 Qg6
34. Ka2 Re8 35. Ne3 Nd7 36. Ned5 Qe6 37. Nxc7 Qc4 38. Nxe8 Nd2+ 39. Ka1 Nb3+
40. Kb1 1-0

[Event "Kieler Open 2015 Gruppe A"]
[Site "Kiel"]
[Date "2015.07.30"]
[Round "8.4"]
[White "Stopa, Jacek"]
[Black "Niering, Martin"]
[Result "1-0"]
[WhiteElo "2541"]
[BlackElo "2178"]
[PlyCount "131"]
[EventDate "2015.??.??"]
[WhiteTeam "Polen"]
[BlackTeam "SV Magdeburg"]

1. d4 d5 2. c4 e6 3. Nf3 Nf6 4. g3 Be7 5. Bg2 O-O 6. O-O dxc4 7. Ne5 Nc6 8.
Bxc6 bxc6 9. Nxc6 Qe8 10. Nxe7+ Qxe7 11. Qc2 e5 12. Rd1 Bb7 13. Nc3 Rfd8 14.
dxe5 Qxe5 15. Bf4 Qh5 16. Rxd8+ Rxd8 17. Rd1 Re8 18. h4 h6 19. Bxc7 Qc5 20. Bf4
Ng4 21. Rf1 g5 22. hxg5 hxg5 23. Bc1 Kg7 24. e4 Rh8 25. Qe2 Nh2 26. Be3 Qc8 27.
Bd4+ f6 28. Qe3 Qg4 29. Bxf6+ Kf7 30. Bxh8 Nf3+ 31. Qxf3+ Qxf3 32. Re1 Bc8 33.
Re3 Qh5 34. Be5 Bg4 35. f4 Bf3 36. fxg5 Qh1+ 37. Kf2 Qg2+ 38. Ke1 Qg1+ 39. Kd2
Qg2+ 40. Ne2 Bxe4 41. Kc3 Bd3 42. g6+ Bxg6 43. Nd4 Qd5 44. Ne2 Qa5+ 45. Kxc4
Qd2 46. Bd4 Qc2+ 47. Kd5 Bd3 48. Nc3 a5 49. b3 Qg2+ 50. Kc5 Bf1 51. Nd5 Qc2+
52. Kd6 Bg2 53. Re7+ Kg6 54. Re6+ Kg5 55. Re5+ Kg6 56. Re6+ Kg5 57. Re5+ Kg6
58. Nf4+ Kh7 59. Rh5+ Kg8 60. Rg5+ Kh7 61. Ne6 Qc6+ 62. Ke7 Qb7+ 63. Kf6 Qf3+
64. Rf5 Qxg3 65. Rh5+ Kg8 66. Rg5+ 1-0

[Event "Kieler Open 2015 Gruppe A"]
[Site "Kiel"]
[Date "2015.07.30"]
[Round "8.5"]
[White "Hoffmann, Hendrik"]
[Black "Voloshin, Leonid"]
[Result "1/2-1/2"]
[WhiteElo "2159"]
[BlackElo "2417"]
[PlyCount "70"]
[EventDate "2015.??.??"]
[WhiteTeam "SG Leipzig"]
[BlackTeam "Jicin"]

1. e4 c5 2. c3 d5 3. exd5 Qxd5 4. d4 Nf6 5. Be3 Bg4 6. f3 cxd4 7. Bxd4 Bd7 8.
c4 Qa5+ 9. Bc3 Qc7 10. Na3 e6 11. Nc2 Nc6 12. Qe2 Bd6 13. g3 Be5 14. Bxe5 Qxe5
15. O-O-O Qxe2 16. Nxe2 e5 17. Nc3 O-O-O 18. Bd3 Be6 19. Rhe1 Rhe8 20. b3 h6
21. Be4 Rxd1+ 22. Rxd1 Rd8 23. Bxc6 Rxd1+ 24. Kxd1 bxc6 25. Nb4 Kc7 26. Kd2 Nd7
27. Nd3 f5 28. Ke3 Kd6 29. Na4 c5 30. Nc3 a6 31. a3 g5 32. Ke2 Kc6 33. Nd1 Kd6
34. Nc3 Kc6 35. Nd1 Kd6 1/2-1/2

[Event "Kieler Open 2015 Gruppe A"]
[Site "Kiel"]
[Date "2015.07.30"]
[Round "8.6"]
[White "Buchholz, Sebastian"]
[Black "Jahncke, Giso"]
[Result "0-1"]
[WhiteElo "2143"]
[BlackElo "2308"]
[PlyCount "102"]
[EventDate "2015.??.??"]
[WhiteTeam "SK Doppelbauer Kiel"]
[BlackTeam "Preetzer TSV"]

1. c4 g6 2. g3 Bg7 3. Bg2 Nf6 4. Nf3 O-O 5. Nc3 d6 6. O-O a6 7. Rb1 e5 8. d3 h6
9. Bd2 Re8 10. Ne1 c6 11. e4 Be6 12. b3 d5 13. Qe2 Qd6 14. Nc2 Nbd7 15. Na4 a5
16. Bc1 b5 17. Ba3 Qc7 18. Nc5 Nxc5 19. Bxc5 d4 20. Ba3 Nd7 21. Qd2 b4 22. Bb2
f6 23. f4 Bf7 24. Bc1 Nc5 25. a4 bxa3 26. Bxa3 Qa7 27. fxe5 fxe5 28. Bh3 Ne6
29. Rf2 Kh7 30. Ne1 h5 31. Bc1 Nc5 32. Nf3 Bg8 33. Nh4 Be6 34. Bf1 Rf8 35. Qg5
Bf7 36. Bh3 Nxd3 37. Rf1 Nxc1 38. Qxc1 Bh6 39. Qa3 c5 40. Nf3 Qe7 41. Ne1 Be6
42. Rxf8 Rxf8 43. Bg2 Bg4 44. h3 Be2 45. Qxa5 d3 46. Nxd3 Bxd3 47. Rb2 h4 48.
gxh4 Qxh4 49. Qc7+ Kg8 50. Qa5 Be3+ 51. Kh1 Rf1+ 0-1

[Event "Kieler Open 2015 Gruppe A"]
[Site "Kiel"]
[Date "2015.07.30"]
[Round "8.7"]
[White "Junge, Ralph"]
[Black "Ernst, Thomas"]
[Result "1-0"]
[WhiteElo "2214"]
[BlackElo "2349"]
[PlyCount "71"]
[EventDate "2015.??.??"]
[WhiteTeam "SG Turm Kiel"]
[BlackTeam "Farsta SK"]

1. d4 f5 2. Nc3 d5 3. Bg5 Nf6 4. Bxf6 exf6 5. e3 Be6 6. Bd3 c6 7. Qf3 g6 8.
Nge2 Nd7 9. h3 Qc7 10. g4 fxg4 11. hxg4 Bf7 12. Nf4 Bg7 13. Rh3 O-O-O 14. O-O-O
Ne5 15. Qg2 Nxd3+ 16. cxd3 g5 17. Nh5 Bg6 18. f4 Bxh5 19. gxh5 Bh6 20. Qg4+ Qd7
21. f5 Rhe8 22. Kb1 Bf8 23. h6 Kb8 24. Na4 Bd6 25. Rc1 b6 26. Nc3 Re7 27. a3
Rde8 28. e4 Bf4 29. Rd1 dxe4 30. dxe4 Rxe4 31. Nxe4 Rxe4 32. d5 cxd5 33. Rhd3
d4 34. Ka1 Qd5 35. Qf3 Be5 $2 (35... Qe5 $1) 36. Re3 $1 1-0

[Event "Kieler Open 2015 Gruppe A"]
[Site "Kiel"]
[Date "2015.07.30"]
[Round "8.8"]
[White "Janse, Sebastian"]
[Black "Stolz, Mike"]
[Result "0-1"]
[WhiteElo "1686"]
[BlackElo "2335"]
[PlyCount "86"]
[EventDate "2015.??.??"]

1. e4 e5 2. Nf3 Nc6 3. d4 d6 4. Nc3 exd4 5. Nxd4 Nf6 6. Be3 Be7 7. Bc4 Ne5 8.
Be2 a6 9. O-O c5 10. Nf3 Nc6 11. Nd2 O-O 12. h3 Re8 13. f4 Bf8 14. Bf2 Nd4 15.
Bd3 b5 16. Bxd4 cxd4 17. Ne2 Qb6 18. Kh2 Bb7 19. Ng3 g6 20. f5 Bg7 21. h4 h5
22. Qf3 Ng4+ 23. Kh3 Ne5 24. Qf2 Ng4 25. Qf3 Rf8 26. a3 Rae8 27. Rae1 Qc7 28.
Nb3 d5 29. Re2 Qd6 30. Na5 Ba8 31. b4 Re5 32. Nb3 dxe4 33. Rxe4 Rxf5 34. Qe2
Bxe4 35. Bxe4 Rxf1 36. Qxf1 Re8 37. Nc5 f5 38. Bf3 Re3 39. Nd3 Be5 40. Nxe5
Qxe5 41. Qb1 Re1 42. Qa2+ Kg7 43. Bxg4 Rh1+ 0-1

[Event "Kieler Open 2015 Gruppe A"]
[Site "Kiel"]
[Date "2015.07.30"]
[Round "8.9"]
[White "Roth, Thorsten"]
[Black "Krause, Jonah"]
[Result "0-1"]
[WhiteElo "2083"]
[BlackElo "2259"]
[PlyCount "147"]
[EventDate "2015.??.??"]

1. d4 Nf6 2. c4 g6 3. Nc3 Bg7 4. e4 d6 5. Nf3 O-O 6. Be2 e5 7. O-O Nc6 8. d5
Ne7 9. Nd2 c6 10. Kh1 Ne8 11. g3 f5 12. f4 exf4 13. Rxf4 Nf6 14. exf5 Bxf5 15.
g4 Bd7 16. Nde4 cxd5 17. cxd5 Qb6 18. Qb3 Qxb3 19. axb3 Nfxd5 20. Nxd5 Nxd5 21.
Bc4 Bc6 22. Nc3 Bxc3 23. bxc3 Kg7 24. Rxf8 Rxf8 25. Kg1 Nf4 26. Bf1 a6 27. Ba3
Re8 28. Bxd6 Ne2+ 29. Bxe2 Rxe2 30. Kf1 Rb2 31. b4 Bg2+ 32. Ke1 Bf3 33. g5 Rg2
34. Ra5 Re2+ 35. Kf1 Re6 36. Be5+ Kf7 37. Rc5 Bc6 38. Kf2 b6 39. Rc4 a5 40.
bxa5 bxa5 41. Rc5 a4 42. Ra5 Bd7 43. Bd4 Re4 44. Re5 Rf4+ 45. Kg3 Rf1 46. Ra5
Ra1 47. Kf4 Ke6 48. Bh8 Rd1 49. Bd4 Rf1+ 50. Kg3 Rf7 51. Bh8 Kd6 52. Bf6 Bc6
53. Be5+ Ke6 54. Bd4 Rf3+ 55. Kg4 Rf1 56. Ra7 Bd7 57. Ra5 Kd6+ 58. Kg3 Ra1 59.
Kf4 Bc6 60. Kg3 Ke6 61. Ra7 Bd7 62. Ra5 Bc6 63. Ra7 Kf5 64. Rf7+ Ke4 65. Re7+
Kd3 66. Rxh7 a3 67. Ra7 a2 68. h4 Bd5 69. h5 gxh5 70. c4 Kxd4 71. cxd5 Rg1+ 72.
Kh4 Rh1+ 73. Kg3 a1=Q 74. Rxa1 0-1

[Event "Kieler Open 2015 Gruppe A"]
[Site "Kiel"]
[Date "2015.07.30"]
[Round "8.10"]
[White "Schnitzer, Peter"]
[Black "Petri, Alexander"]
[Result "1/2-1/2"]
[WhiteElo "2178"]
[BlackElo "2167"]
[PlyCount "29"]
[EventDate "2015.??.??"]

1. e4 c6 2. d4 d5 3. exd5 cxd5 4. Bd3 Nc6 5. c3 Qc7 6. h3 g6 7. Nf3 Bf5 8. Bxf5
gxf5 9. O-O e6 10. Bg5 Be7 11. Bxe7 Ngxe7 12. Na3 O-O-O 13. b4 Kb8 14. Rb1 Ng6
15. Kh1 1/2-1/2

[Event "Kieler Open 2015 Gruppe A"]
[Site "Kiel"]
[Date "2015.07.30"]
[Round "8.11"]
[White "Plüg, Andreas"]
[Black "Neumann, Frank"]
[Result "0-1"]
[WhiteElo "2295"]
[BlackElo "2027"]
[PlyCount "66"]
[EventDate "2015.??.??"]

1. d4 g6 2. Nf3 Bg7 3. Bf4 d6 4. e3 Nd7 5. h3 e5 6. Bh2 Ne7 7. Be2 O-O 8. c4 h6
9. Nc3 f5 10. O-O e4 11. Nd2 Nf6 12. b4 c6 13. Qb3 Be6 14. Rad1 d5 15. b5 Bf7
16. Qa3 g5 17. bxc6 bxc6 18. cxd5 Nfxd5 19. Nxd5 Bxd5 20. Bd6 Bf6 21. Ba6 Qd7
22. Nc4 Qe6 23. Rc1 Rf7 24. Be5 Ng6 25. Bxf6 Rxf6 26. Bb7 Raf8 27. Na5 Ne7 28.
Rc3 f4 29. exf4 gxf4 30. Kh2 e3 31. Nxc6 Nxc6 32. fxe3 f3 33. e4 Qxe4 0-1

[Event "Kieler Open 2015 Gruppe A"]
[Site "Kiel"]
[Date "2015.07.30"]
[Round "8.12"]
[White "Magnussen, Helge"]
[Black "Zuse, Peter"]
[Result "1/2-1/2"]
[WhiteElo "2054"]
[BlackElo "2256"]
[PlyCount "95"]
[EventDate "2015.??.??"]

1. d4 Nf6 2. c4 g6 3. g3 c6 4. Nf3 Bg7 5. Bg2 O-O 6. O-O d5 7. b3 c5 8. Bb2
dxc4 9. bxc4 Qb6 10. Qb3 Ne4 11. e3 Nc6 12. Ne5 Nxe5 13. dxe5 Nd6 14. Bc3 Nf5
15. Nd2 Qc7 16. Qb2 Rb8 17. Bd5 Bd7 18. g4 Nh6 19. h3 b5 20. Nf3 b4 21. Bd2
Bxg4 22. hxg4 Nxg4 23. Rad1 e6 24. Be4 Rfd8 25. Bc1 Nxe5 26. Nxe5 Bxe5 27. Qe2
Bc3 28. Bc2 Qe7 29. Qg4 h5 30. Qg2 Kg7 31. e4 Rxd1 32. Bxd1 Kh7 33. Bg5 Bf6 34.
Be3 Rd8 35. Kh1 Qd6 36. Be2 Bd4 37. Bg5 Rd7 38. f4 f6 39. e5 fxe5 40. Bf6 Rf7
41. fxe5 Bxe5 42. Bxh5 gxh5 43. Rg1 Bg3 44. Bh4 Rg7 45. Bxg3 Qd4 46. Qf3 Qxc4
47. Qxh5+ Kg8 48. Qe8+ 1/2-1/2

[Event "Kieler Open 2015 Gruppe A"]
[Site "Kiel"]
[Date "2015.07.30"]
[Round "8.13"]
[White "Zimmermann, Manfred"]
[Black "Johansson, Thomas"]
[Result "0-1"]
[WhiteElo "1957"]
[BlackElo "2203"]
[PlyCount "70"]
[EventDate "2015.??.??"]

1. d4 Nf6 2. Nf3 e6 3. e3 c5 4. Bd3 b6 5. Qe2 Bb7 6. O-O Be7 7. c3 Qc8 8. Nbd2
Ba6 9. c4 d6 10. b3 Nbd7 11. Bb2 Bb7 12. Ng5 O-O 13. f4 h6 14. Nh3 d5 15. Nf3
Ne4 16. g4 cxd4 17. exd4 f5 18. g5 Qe8 19. Qg2 Kh7 20. cxd5 Bxd5 21. Rac1 Bd6
22. Rc2 Qh5 23. Rfc1 Nxg5 24. Nhxg5+ hxg5 25. Nxg5+ Kg8 26. Qg3 Rae8 27. Be2
Qh6 28. Bc4 Nf6 29. Rf1 Ne4 30. Nxe4 fxe4 31. Bc1 Rf5 32. Be2 Ref8 33. Bg4 Bxf4
34. Bxf4 Rxf4 35. Rcf2 Rxf2 0-1